Kertaa ruotsia - Statistics

Yleistilastot
  • Tätä visaa on pelattu 583 kertaa
  • Keskiarvotulos 25 / 32
Vastaustilastot
På finska På svenska % Oikein
Olut Öl
98%
Kissa Kat
96%
Buss Bussi
95%
Koti Hem
95%
Flicka Tyttö
95%
Två Kaksi
94%
Kesä Sommar
94%
Talo Hus
93%
Bil Auto
92%
Vesi Vatten
92%
Joulu Jul
91%
Poliisi Polis
91%
Bastu Sauna
90%
Koulu Skola
90%
Kahvi Kaffe
86%
Båt Laiva
86%
Kaupunki Stad
86%
Rum Huone
85%
Poika Pojke
83%
Ö Saari
74%
Katu Gata
73%
Skog Metsä
73%
Säng Sänky
73%
Kuningas Kung
72%
Vin Viini
70%
Gummi Kumi
64%
Flaska Pullo
62%
Marsvin Marsu
61%
Tuoli Stol
59%
Å Joki
44%
Kuningatar Drottning
36%
Kissa Pissa
34%
Ehtoja vastaavia visoja ei löytynyt
Tulosjakauma
Jokaisen tuloksen saaneiden osuus
Persentiili vastausten määrän mukaan
Tuloshistoriasi
Et ole pelannut tätä visaa